000 00325nam a22001457a 4500
008 230913b ||||| |||| 00| 0 eng d
020 _a9780452269880
041 _aeng
080 _a521
082 _a521WHI
100 _a19
101 _aASTRO
245 _aSTEPHEN HAWKING A LIFE IN SCIENCE
_cWHITE.M
942 _2udc
_cBK
999 _c60353
_d60353